| 000 | 00478nam a2200181Ia 4500 | ||
|---|---|---|---|
| 005 | 20250508152156.0 | ||
| 008 | 008 250505s9999 xx 000 0 hin d | ||
| 037 | _aTextual | ||
| 040 |
_aFEDL _beng _cFEDL |
||
| 041 |
_ahin _2hin |
||
| 084 |
_aFH, SUD _qFEDL |
||
| 100 | _aSudesh | ||
| 245 | 0 | _aHindi ki shresth kahaniya | |
| 260 |
_aCalcutta, India _bAadarsh Pushtak Bhandar _c1956 |
||
| 300 | _a159p. | ||
| 942 |
_cTEXL _hFH, SUD |
||
| 999 |
_c1334763 _d1334763 |
||